|
|
|
|
| LEADER |
00000nam a2200000 a 4500 |
| 001 |
vtls001095314 |
| 003 |
SK-MaSNL |
| 005 |
20260301001146.0 |
| 008 |
250414s1985 xo 0 slo |
| 015 |
|
|
|a SNBA1985/09
|
| 035 |
|
|
|a SNK000038156
|
| 040 |
|
|
|a SNK
|b slo
|c SNK
|e AACR2
|
| 041 |
0 |
|
|a slo
|
| 044 |
|
|
|a xo
|c SK
|
| 080 |
|
|
|a 669.018:620.16/.19(075.3)
|2 1981
|
| 080 |
|
|
|a 620.16/.19(075.3)
|2 1981
|
| 080 |
|
|
|a 620.16/.19
|2 1981
|
| 080 |
|
|
|a 669.018(075.3)
|2 1981
|
| 100 |
1 |
|
|a Macek, Karel
|4 aut
|9 279100
|
| 245 |
1 |
0 |
|a Náuka o materiáli 1 pre 2. ročník SPŠ strojníckych
|c Karel Macek, Petr Zuna ; Ján Kupka
|
| 250 |
|
|
|a 1. vyd.
|
| 260 |
|
|
|a Bratislava
|b Alfa
|c 1985
|e Bratislava
|f Svornosť
|
| 300 |
|
|
|a 152 s., 8,00 AH
|b Sch. Fot.
|c 20 cm
|
| 366 |
|
|
|e 4000 výtl.
|
| 500 |
|
|
|a Lit. 13. Schválilo MŠ SSR. 13 zázn. v češ.
|
| 700 |
1 |
|
|a Zuna, Petr,
|d 1941-
|4 aut
|9 109668
|
| 700 |
1 |
|
|a Kupka, Ján
|4 trl
|9 45130
|
| 852 |
|
|
|a Slovenská národná knižnica
|
| 954 |
|
|
|a materiály kovové
|a skúšanie materiálov
|
| 958 |
|
|
|a OND
|
| 958 |
|
|
|a NB
|
| 958 |
|
|
|a CZ
|
| 958 |
|
|
|a UC
|
| 958 |
|
|
|a TL
|
| 958 |
|
|
|a OP
|
| 999 |
|
|
|c 534278
|d 536208
|
| 952 |
|
|
|t P60, <04>, [BOOK], {604}
|a SNK
|b SNK
|y VYP
|7 0
|p 17A0119997
|o snkSC 63697 D1
|0 0
|1 0
|4 0
|d 1998-01-27
|l 0
|r 2004-12-31 00:00:00
|w 2026-02-23
|
| 952 |
|
|
|a SNK
|b SNK
|y PREZ
|7 0
|p 17A0917119
|o snkSC 63697
|0 0
|1 0
|4 0
|d 2012-08-07
|l 0
|r 2025-07-01 00:00:00
|w 2026-02-23
|